|
|
|
|
| LEADER |
00000nab a2200000 a 4500 |
| 001 |
vtls000524256 |
| 003 |
SK-MaSNL |
| 005 |
20260304090227.0 |
| 008 |
250425c1994 xo 0 slo |
| 015 |
|
|
|a SNBRB19rr/mm-uuuuu
|
| 035 |
|
|
|a CL0524394
|
| 035 |
|
|
|a urn:nbn:sk:snk-ab7ja1
|
| 035 |
|
|
|a (urnnbn)urn:nbn:sk:snk:ar-005yaf
|
| 035 |
|
|
|a (uuid)3e20c690-8daf-4b3a-83d8-a8e25e92bee8
|
| 040 |
|
|
|a SNKBUCL
|b slo
|c SNKBUCL
|e AACR2
|
| 041 |
0 |
|
|a slo
|
| 044 |
|
|
|a xo
|c SK
|
| 080 |
|
|
|a 301.185.1-055.5/.57:394.268
|2 1981
|
| 080 |
|
|
|a 394.268
|2 1981
|
| 080 |
|
|
|a 301.185.1:061.66(437.6)
|2 1981
|
| 100 |
1 |
|
|a Kopčanová, Dagmar
|4 aut
|9 8779
|
| 245 |
1 |
0 |
|a Poslanie a aktivity Medzinárodného strediska pre štúdium rodiny v Medzinárodnom roku rodiny
|c Dagmar Kopčanová
|
| 300 |
|
|
|b Sch. 1, tab. 1, lit. 10 zázn. v angl., češ., slov.
|
| 650 |
0 |
7 |
|a Medzinárodné stredisko pre štúdium rodiny, Bratislava
|2 snkbucl
|9 982049
|
| 655 |
|
7 |
|a články z novín a časopisov
|2 snkbucl
|9 267496
|
| 773 |
0 |
|
|t Pedagogická revue
|g Roč. 46, č. 5-6 (1994), s. 285-289
|
| 850 |
|
|
|a Slovenská národná knižnica
|
| 852 |
|
|
|a Slovenská národná knižnica
|
| 954 |
|
|
|a odborná, vedecká literatúra pôvodná (slovenská)
|2 lita
|
| 958 |
|
|
|a article7
|
| 958 |
|
|
|a OND
|
| 958 |
|
|
|a NB
|
| 958 |
|
|
|a RK
|
| 958 |
|
|
|a EUIPO
|
| 992 |
|
|
|a RBX
|
| 999 |
|
|
|c 2810788
|d 2812718
|